[Event "Hull CC XXIX ann. B"]
[Site "Gatineau CAN"]
[Date "2009.09.30"]
[Round "4"]
[White "Berthiaume, Patrick"]
[Black "Dupont, Claude"]
[Result "0-1"]
[WhiteElo "1176"]
[BlackElo "1532"]
[PlyCount "56"]
[GameId "2160767910092870"]
[EventDate "2009.09.08"]
[EventType "swiss"]
[EventRounds "5"]
[EventCountry "CAN"]
[SourceTitle "EXT 2011"]
[Source "ChessBase"]
[SourceDate "2011.11.26"]
[SourceVersion "1"]
[SourceVersionDate "2011.11.26"]
[SourceQuality "1"]

1. e4 e5 2. Nf3 d6 3. d4 exd4 4. Nxd4 Nf6 5. Nc3 a6 6. f4 c5 7. Nf3 Nc6 8. Bd3 Bg4 9. O-O Be7 10. Nd5 Nxd5 11. exd5 Nd4 12. Be3 Nxf3+ 13. Rxf3 b5 14. h3 Bxf3 15. Qxf3 c4 16. Be4 g6 17. Rf1 f5 18. Bxf5 gxf5 19. Qh5+ Kd7 20. Bd2 Qb6+ 21. Kh2 Raf8 22. Qh6 Bf6 23. Re1 Qf2 24. Re6 Qxd2 25. Rxf6 Rxf6 26. Qg7+ Ke8 27. Qxh8+ Rf8 28. Qxh7 Qxf4+ 0-1

[Event "Hull CC XXIX ann. B"]
[Site "Gatineau CAN"]
[Date "2009.09.30"]
[Round "4"]
[White "Desjardins, Michel"]
[Black "MacIsaac, Alexandre"]
[Result "1-0"]
[WhiteElo "1860"]
[BlackElo "1483"]
[PlyCount "59"]
[GameId "2160767910092872"]
[EventDate "2009.09.08"]
[EventType "swiss"]
[EventRounds "5"]
[EventCountry "CAN"]
[SourceTitle "EXT 2011"]
[Source "ChessBase"]
[SourceDate "2011.11.26"]
[SourceVersion "1"]
[SourceVersionDate "2011.11.26"]
[SourceQuality "1"]

1. e4 c5 2. Nc3 e6 3. g3 Nc6 4. Bg2 Nf6 5. d3 d5 6. exd5 exd5 7. Bg5 Be6 8. Bxf6 gxf6 9. Nge2 Qd7 10. Nf4 O-O-O 11. O-O Bg4 12. Bf3 Bxf3 13. Qxf3 Nb4 14. Rac1 d4 15. Ne4 Nxa2 16. Ra1 Nb4 17. Rxa7 Kb8 18. Rfa1 Na6 19. R1xa6 bxa6 20. Rxd7 Rxd7 21. Nxf6 Rb7 22. Qc6 Ka7 23. N4d5 Bh6 24. Qxc5+ Kb8 25. Qd6+ Ka7 26. Nc7 Rb6 27. Qe7 Rb7 28. Qc5+ Rb6 29. Nfd5 Rhb8 30. Nxb6 1-0

[Event "Hull CC XXIX ann. B"]
[Site "Gatineau CAN"]
[Date "2009.09.30"]
[Round "4"]
[White "Levesque, Andre"]
[Black "Rainey, Ivan"]
[Result "0-1"]
[WhiteElo "1307"]
[BlackElo "1438"]
[PlyCount "76"]
[GameId "2160767910092874"]
[EventDate "2009.09.08"]
[EventType "swiss"]
[EventRounds "5"]
[EventCountry "CAN"]
[SourceTitle "EXT 2011"]
[Source "ChessBase"]
[SourceDate "2011.11.26"]
[SourceVersion "1"]
[SourceVersionDate "2011.11.26"]
[SourceQuality "1"]

1. e4 e6 2. d4 d5 3. Nd2 c5 4. c3 Nc6 5. Bb5 Qb6 6. Bxc6+ Qxc6 7. exd5 Qxd5 8. Ndf3 Nf6 9. Ne2 Be7 10. O-O c4 11. Nf4 Qd8 12. Qa4+ Bd7 13. Qxc4 Rc8 14. Qd3 a6 15. Re1 Bb5 16. Qd2 O-O 17. b3 Qa5 18. c4 Bb4 19. Qe2 Bxe1 20. cxb5 Bc3 21. Rb1 axb5 22. Nd3 h6 23. b4 Qa7 24. Nc5 b6 25. Qc2 bxc5 26. Qxc3 cxd4 27. Qxd4 Rfd8 28. Qe3 Rd1+ 29. Ne1 Qxe3 30. Bxe3 Rxb1 31. Kf1 Rxb4 32. Nd3 Rb1+ 33. Ke2 Rc2+ 34. Kf3 Rxa2 35. Nc5 Ra3 36. h3 Nd5 37. Nd7 Nxe3 38. fxe3 Rbb3 0-1

[Event "Hull CC XXIX ann. B"]
[Site "Gatineau CAN"]
[Date "2009.09.30"]
[Round "4"]
[White "Rose, Richard1"]
[Black "Scantland, Patrick"]
[Result "1-0"]
[WhiteElo "1775"]
[BlackElo "1742"]
[PlyCount "45"]
[GameId "2160767910092875"]
[EventDate "2009.09.08"]
[EventType "swiss"]
[EventRounds "5"]
[EventCountry "CAN"]
[SourceTitle "EXT 2011"]
[Source "ChessBase"]
[SourceDate "2011.11.26"]
[SourceVersion "1"]
[SourceVersionDate "2011.11.26"]
[SourceQuality "1"]

1. e4 c5 2. Nf3 d6 3. d4 cxd4 4. Nxd4 Nf6 5. Nc3 a6 6. Bg5 e6 7. f4 Be7 8. Qf3 Qc7 9. Bd3 Nbd7 10. O-O-O b5 11. Bxf6 Nxf6 12. e5 Bb7 13. Ne4 dxe5 14. fxe5 Qxe5 15. Nxf6+ Bxf6 16. Qxb7 O-O 17. Qe4 Qg5+ 18. Kb1 g6 19. h4 Qc5 20. Nb3 Qc7 21. h5 Bh8 22. hxg6 fxg6 23. Qxe6+ 1-0

[Event "Hull CC XXIX ann. B"]
[Site "Gatineau CAN"]
[Date "2009.10.06"]
[Round "5"]
[White "Berthiaume, Serge"]
[Black "Berthiaume, Patrick"]
[Result "0-1"]
[WhiteElo "1353"]
[BlackElo "1176"]
[PlyCount "84"]
[GameId "2160767910092876"]
[EventDate "2009.09.08"]
[EventType "swiss"]
[EventRounds "5"]
[EventCountry "CAN"]
[SourceTitle "EXT 2011"]
[Source "ChessBase"]
[SourceDate "2011.11.26"]
[SourceVersion "1"]
[SourceVersionDate "2011.11.26"]
[SourceQuality "1"]

1. d4 e6 2. e4 d5 3. e5 c5 4. Bb5+ Bd7 5. Bxd7+ Qxd7 6. Nf3 cxd4 7. Nxd4 Qc7 8. f4 Bc5 9. c3 Nc6 10. Be3 Nxd4 11. Bxd4 f6 12. O-O O-O-O 13. Nd2 Rf8 14. Nb3 Bb6 15. Qg4 f5 16. Qe2 h6 17. Bxb6 Qxb6+ 18. Nd4 Ne7 19. Qb5 Qxb5 20. Nxb5 a6 21. Nd6+ Kc7 22. c4 dxc4 23. Nxc4 Nc6 24. Rac1 g5 25. Nd6 Rhg8 26. a4 gxf4 27. Rxf4 Rg4 28. Rcc4 Rxf4 29. Rxf4 Nxe5 30. Nc4 Nxc4 31. Rxc4+ Kd7 32. Kf2 e5 33. Rb4 Kc6 34. Rc4+ Kd6 35. b4 b5 36. axb5 axb5 37. Rc5 Rb8 38. Kg3 f4+ 39. Kg4 Rg8+ 40. Kf3 Rg5 41. Rxb5 e4+ 42. Kxe4 Rxb5 0-1

[Event "Hull CC XXIX ann. B"]
[Site "Gatineau CAN"]
[Date "2009.10.06"]
[Round "5"]
[White "Dagenais, Benoit"]
[Black "Beland, Guy"]
[Result "0-1"]
[WhiteElo "1141"]
[BlackElo "1291"]
[PlyCount "71"]
[GameId "2160767910092878"]
[EventDate "2009.09.08"]
[EventType "swiss"]
[EventRounds "5"]
[EventCountry "CAN"]
[SourceTitle "EXT 2011"]
[Source "ChessBase"]
[SourceDate "2011.11.26"]
[SourceVersion "1"]
[SourceVersionDate "2011.11.26"]
[SourceQuality "1"]

1. e4 e5 2. Nf3 Nc6 3. Bc4 Bc5 4. c3 Nf6 5. d4 exd4 6. cxd4 Bb4+ 7. Nc3 O-O 8. e5 Ne4 9. Bd2 d5 10. Nxd5 Nxd2 11. Nxd2 b5 12. Bb3 a5 13. a3 Bxd2+ 14. Qxd2 a4 15. Ba2 Be6 16. Nb4 Nxd4 17. Bxe6 fxe6 18. Rd1 c5 19. O-O Qh4 20. Nd3 Rad8 21. Qe3 c4 22. Nc5 Nc2 23. Qe2 Rxd1 24. Rxd1 Nd4 25. Rxd4 Qxd4 26. Nxe6 Qd3 27. Qe1 Rc8 28. Ng5 c3 29. bxc3 Rxc3 30. e6 Kf8 31. e7+ Ke8 32. Ne6 Qg6 33. h3 Rc6 34. Nf8 Qh6 35. Qe5 Qd6 36. Qxg7 0-1

[Event "Hull CC XXIX ann. B"]
[Site "Gatineau CAN"]
[Date "2009.10.06"]
[Round "5"]
[White "Menard, Marc"]
[Black "Dupont, Claude"]
[Result "1-0"]
[WhiteElo "1495"]
[BlackElo "1532"]
[PlyCount "69"]
[GameId "2160767910092879"]
[EventDate "2009.09.08"]
[EventType "swiss"]
[EventRounds "5"]
[EventCountry "CAN"]
[SourceTitle "EXT 2011"]
[Source "ChessBase"]
[SourceDate "2011.11.26"]
[SourceVersion "1"]
[SourceVersionDate "2011.11.26"]
[SourceQuality "1"]

1. e4 e5 2. Nf3 d6 3. Bc4 Nf6 4. Nc3 Bg4 5. h3 Bxf3 6. Qxf3 Be7 7. g4 O-O 8. g5 Nfd7 9. h4 Nc6 10. d3 Nd4 11. Qd1 c6 12. Be3 b5 13. Bb3 Nxb3 14. axb3 a5 15. d4 exd4 16. Qxd4 b4 17. Na4 c5 18. Qd5 g6 19. O-O-O Nb6 20. Nxb6 Qxb6 21. h5 Kg7 22. hxg6 hxg6 23. Bf4 f6 24. Bxd6 Bxd6 25. gxf6+ Rxf6 26. Qxa8 Rf8 27. Qd5 Rd8 28. Kb1 Be7 29. Qe5+ Bf6 30. Qh2 Rxd1+ 31. Rxd1 Qe6 32. Qc7+ Kh6 33. Rh1+ Kg5 34. Qg3+ Qg4 35. f4# 1-0

[Event "Hull CC XXIX ann. B"]
[Site "Gatineau CAN"]
[Date "2009.10.06"]
[Round "5"]
[White "Rainey, Ivan"]
[Black "MacIsaac, Alexandre"]
[Result "0-1"]
[WhiteElo "1438"]
[BlackElo "1483"]
[PlyCount "74"]
[GameId "2160767910092880"]
[EventDate "2009.09.08"]
[EventType "swiss"]
[EventRounds "5"]
[EventCountry "CAN"]
[SourceTitle "EXT 2011"]
[Source "ChessBase"]
[SourceDate "2011.11.26"]
[SourceVersion "1"]
[SourceVersionDate "2011.11.26"]
[SourceQuality "1"]

1. d4 Nf6 2. c4 e6 3. Nc3 c5 4. Nf3 cxd4 5. Nxd4 d5 6. e3 Nc6 7. Nxc6 bxc6 8. Be2 Bb4 9. Qc2 O-O 10. O-O a5 11. b3 Qc7 12. Bb2 Ba6 13. cxd5 cxd5 14. Rac1 Rfc8 15. Bxa6 Rxa6 16. Qd3 Rc6 17. Ne2 Rc2 18. Rfd1 Ng4 19. g3 h5 20. Qd4 e5 21. Qxd5 Qb8 22. Rxc2 Rxc2 23. Qd8+ Qxd8 24. Rxd8+ Kh7 25. Bxe5 Rxe2 26. Rd5 Nxe5 27. Rxe5 Rxa2 28. Rxh5+ Kg6 29. Rd5 Ra3 30. f4 f6 31. e4 Rxb3 32. e5 fxe5 33. Rxe5 a4 34. f5+ Kf6 35. Rd5 a3 36. g4 a2 37. g5+ Kxg5 0-1

[Event "Hull CC XXIX ann. B"]
[Site "Gatineau CAN"]
[Date "2009.10.06"]
[Round "5"]
[White "Rose, Richard1"]
[Black "Desjardins, Michel"]
[Result "0-1"]
[WhiteElo "1775"]
[BlackElo "1860"]
[PlyCount "38"]
[GameId "2160767910092882"]
[EventDate "2009.09.08"]
[EventType "swiss"]
[EventRounds "5"]
[EventCountry "CAN"]
[SourceTitle "EXT 2011"]
[Source "ChessBase"]
[SourceDate "2011.11.26"]
[SourceVersion "1"]
[SourceVersionDate "2011.11.26"]
[SourceQuality "1"]

1. e4 d5 2. exd5 Qxd5 3. Nc3 Qd6 4. d4 Nf6 5. Nf3 a6 6. Be2 Bf5 7. O-O Nc6 8. g3 O-O-O 9. Bd3 Bg4 10. Bf4 Qb4 11. a3 Bxf3 12. Qxf3 Nxd4 13. axb4 Nxf3+ 14. Kg2 e5 15. b5 exf4 16. bxa6 bxa6 17. Kxf3 fxg3 18. Rxa6 Kb7 19. hxg3 Rxd3+ 0-1

[Event "Hull CC XXIX ann. B"]
[Site "Gatineau CAN"]
[Date "2009.10.06"]
[Round "5"]
[White "Scantland, Patrick"]
[Black "Arsenault, Yves"]
[Result "1-0"]
[WhiteElo "1742"]
[BlackElo "1402"]
[PlyCount "101"]
[GameId "2160767910092883"]
[EventDate "2009.09.08"]
[EventType "swiss"]
[EventRounds "5"]
[EventCountry "CAN"]
[SourceTitle "EXT 2011"]
[Source "ChessBase"]
[SourceDate "2011.11.26"]
[SourceVersion "1"]
[SourceVersionDate "2011.11.26"]
[SourceQuality "1"]

1. d4 Nf6 2. c4 e6 3. Nf3 d5 4. cxd5 exd5 5. Bg5 Be7 6. Nc3 Bf5 7. Qb3 h6 8. Bxf6 Bxf6 9. Qxd5 Qxd5 10. Nxd5 Bd8 11. Rc1 c6 12. Nc3 O-O 13. e4 Re8 14. Bd3 Bg4 15. Ne5 Be6 16. O-O f6 17. Nf3 b5 18. a3 a6 19. h3 Nd7 20. b4 Bc7 21. d5 cxd5 22. exd5 Bf7 23. Nxb5 axb5 24. Rxc7 Nb6 25. Bxb5 Red8 26. Re1 Nxd5 27. Rc5 Nb6 28. Re3 Rd1+ 29. Kh2 Ra1 30. a4 Nxa4 31. Bxa4 R1xa4 32. Rec3 g6 33. Rc8+ Kg7 34. b5 Rxc8 35. Rxc8 Rb4 36. Rb8 Bd5 37. Kg3 g5 38. b6 Kf7 39. Ne1 h5 40. f3 Ke7 41. Nd3 Rb5 42. h4 Kd6 43. hxg5 fxg5 44. Kf2 Bc4 45. Ke3 Kd5 46. b7 Bxd3 47. Rd8+ Kc6 48. b8=Q Rxb8 49. Rxb8 Kc7 50. Kxd3 Kxb8 51. Ke4 1-0

[Event "Hull CC-chA"]
[Site "Gatineau CAN"]
[Date "2009.04.14"]
[Round "1"]
[White "Danilov, Alex"]
[Black "Cossette, Daniel"]
[Result "0-1"]
[WhiteElo "1955"]
[BlackElo "2007"]
[PlyCount "59"]
[GameId "2160767910157230"]
[EventDate "2009.04.14"]
[EventType "tourn"]
[EventRounds "6"]
[EventCountry "CAN"]
[SourceTitle "EXT 2011"]
[Source "ChessBase"]
[SourceDate "2011.11.26"]
[SourceVersion "1"]
[SourceVersionDate "2011.11.26"]
[SourceQuality "1"]

1. c4 e6 2. Nf3 d5 3. b3 c5 4. e3 Nf6 5. g3 Be7 6. Bg2 Nc6 7. O-O O-O 8. d4 Ne4 9. Bb2 Bf6 10. Nbd2 Nxd2 11. Qxd2 b6 12. Rac1 Ba6 13. Rfd1 cxd4 14. Nxd4 Ne7 15. cxd5 exd5 16. Ba3 Re8 17. Bxe7 Qxe7 18. Bxd5 Rac8 19. Nf5 Qe5 20. Rxc8 Rxc8 21. Bxf7+ Kxf7 22. Qd7+ Kg6 23. Nd6 Rd8 24. Qf7+ Kh6 25. Qc7 Kh5 26. Qf7+ Kg4 27. Rd4+ Kf3 28. Nc4 Bxc4 29. Qxc4 Rxd4 30. Qc2 0-1

[Event "Hull CC-chA"]
[Site "Gatineau CAN"]
[Date "2009.04.14"]
[Round "1"]
[White "Gagnon, Fabien"]
[Black "Brousseau, Yvan"]
[Result "1-0"]
[WhiteElo "1968"]
[BlackElo "2042"]
[PlyCount "109"]
[GameId "2160767910157231"]
[EventDate "2009.04.14"]
[EventType "tourn"]
[EventRounds "6"]
[EventCountry "CAN"]
[SourceTitle "EXT 2011"]
[Source "ChessBase"]
[SourceDate "2011.11.26"]
[SourceVersion "1"]
[SourceVersionDate "2011.11.26"]
[SourceQuality "1"]

1. g3 d5 2. Nf3 c6 3. Bg2 Nf6 4. b3 Nbd7 5. Bb2 Qc7 6. d3 e5 7. Nbd2 Bd6 8. O-O O-O 9. e3 a5 10. c4 b6 11. cxd5 cxd5 12. Rc1 Qb8 13. Nb1 Ba6 14. Re1 Ra7 15. Nh4 Bb4 16. Bc3 Nc5 17. Bf1 Bxc3 18. Nxc3 d4 19. exd4 exd4 20. Nb1 Re8 21. Qd2 Rae7 22. Rxe7 Rxe7 23. Nf5 Rd7 24. Qg5 Ne6 25. Qd2 Qe5 26. Nh4 h6 27. Na3 g5 28. Nf3 Qf5 29. Ne1 Nc5 30. Nc4 Qe6 31. Nf3 Bxc4 32. Rxc4 Qf5 33. Nxd4 Qe5 34. Nf3 Qf5 35. Ne1 b5 36. Rc1 b4 37. Qe3 Ne6 38. Bg2 Nd5 39. Bxd5 Rxd5 40. Rc4 Nc5 41. Rd4 Re5 42. Qd2 Ne6 43. Rd6 Kg7 44. d4 Rd5 45. Rxd5 Qxd5 46. Nc2 Nc7 47. Ne3 Qe4 48. d5 Nb5 49. d6 Qe8 50. d7 Qd8 51. Qd5 Nc7 52. Qe5+ f6 53. Qd6 Kf7 54. Nf5 h5 55. Nd4 1-0

[Event "Hull CC-chA"]
[Site "Gatineau CAN"]
[Date "2009.04.21"]
[Round "2"]
[White "Brousseau, Yvan"]
[Black "Cossette, Daniel"]
[Result "0-1"]
[WhiteElo "2042"]
[BlackElo "2007"]
[PlyCount "58"]
[GameId "2160767910157232"]
[EventDate "2009.04.14"]
[EventType "tourn"]
[EventRounds "6"]
[EventCountry "CAN"]
[SourceTitle "EXT 2011"]
[Source "ChessBase"]
[SourceDate "2011.11.26"]
[SourceVersion "1"]
[SourceVersionDate "2011.11.26"]
[SourceQuality "1"]

1. b3 e5 2. Bb2 d6 3. d4 exd4 4. Qxd4 Nc6 5. Qd2 Nf6 6. Nc3 d5 7. e3 Bb4 8. Bd3 Qe7 9. O-O-O Be6 10. Nf3 O-O-O 11. Qe2 Bg4 12. h3 Bxf3 13. gxf3 Ba3 14. Rhg1 Bxb2+ 15. Kxb2 g6 16. Bb5 Qe6 17. Bxc6 Qxc6 18. Rd4 Qe6 19. h4 c5 20. Rd2 d4 21. exd4 cxd4 22. Qxe6+ fxe6 23. Nb5 Rd5 24. Rg5 e5 25. a4 a6 26. Na3 b5 27. axb5 axb5 28. c4 dxc3+ 29. Kxc3 b4+ 0-1

[Event "Hull CC-chA"]
[Site "Gatineau CAN"]
[Date "2009.07.21"]
[Round "2"]
[White "Gagnon, Fabien"]
[Black "Danilov, Alex"]
[Result "1/2-1/2"]
[WhiteElo "1968"]
[BlackElo "1955"]
[PlyCount "120"]
[GameId "2160767910157233"]
[EventDate "2009.04.14"]
[EventType "tourn"]
[EventRounds "6"]
[EventCountry "CAN"]
[SourceTitle "EXT 2011"]
[Source "ChessBase"]
[SourceDate "2011.11.26"]
[SourceVersion "1"]
[SourceVersionDate "2011.11.26"]
[SourceQuality "1"]

1. d4 Nf6 2. c4 e6 3. Nc3 Bb4 4. e3 O-O 5. Bd3 c5 6. a3 Bxc3+ 7. bxc3 Nc6 8. Ne2 b6 9. e4 h6 10. O-O d6 11. f4 Ba6 12. e5 Ne8 13. Qa4 Na5 14. Ng3 cxd4 15. Qc2 dxc3 16. f5 dxe5 17. fxe6 Nf6 18. exf7+ Rxf7 19. Nf5 Qf8 20. Qxc3 e4 21. Be2 Rc8 22. Qg3 Kh8 23. Nd6 Bxc4 24. Nxf7+ Qxf7 25. Bxc4 Nxc4 26. Qh3 Qd7 27. Qxd7 Nxd7 28. Rf7 Nde5 29. Re7 Rf8 30. Bb2 Rf5 31. Bxe5 Rxe5 32. Rxe5 Nxe5 33. Rc1 Kh7 34. Rc7 Kg6 35. Rxa7 Kf6 36. Kf1 g5 37. Ke2 Kf5 38. Rh7 Kg6 39. Rb7 Nc4 40. a4 Kf5 41. Rh7 Nb2 42. Ra7 Ke5 43. a5 bxa5 44. Rxa5+ Kd4 45. Ra6 Nd3 46. Rd6+ Ke5 47. Rxh6 Nf4+ 48. Kf2 Kd4 49. Rd6+ Nd5 50. Rd8 Ke5 51. g3 Nf6 52. h3 Nd5 53. h4 gxh4 54. gxh4 Nf4 55. Ra8 Kf5 56. Ra5+ Kg4 57. Ke3 Ng2+ 58. Kxe4 Nxh4 59. Ra8 Kg5 60. Rg8+ Ng6 1/2-1/2

[Event "Hull CC-chA"]
[Site "Gatineau CAN"]
[Date "2009.04.28"]
[Round "3"]
[White "Cossette, Daniel"]
[Black "Gagnon, Fabien"]
[Result "1-0"]
[WhiteElo "2007"]
[BlackElo "1968"]
[PlyCount "67"]
[GameId "2160767910157234"]
[EventDate "2009.04.14"]
[EventType "tourn"]
[EventRounds "6"]
[EventCountry "CAN"]
[SourceTitle "EXT 2011"]
[Source "ChessBase"]
[SourceDate "2011.11.26"]
[SourceVersion "1"]
[SourceVersionDate "2011.11.26"]
[SourceQuality "1"]

1. e4 e6 2. d4 d5 3. Nc3 Nf6 4. e5 Nfd7 5. f4 c5 6. Nf3 Nc6 7. Be3 cxd4 8. Nxd4 Bc5 9. Qd2 O-O 10. O-O-O a6 11. Qf2 Qe7 12. g4 f6 13. exf6 Qxf6 14. g5 Qf7 15. Nxe6 Bxe3+ 16. Qxe3 Re8 17. f5 d4 18. Rxd4 Nxd4 19. Qxd4 Nf8 20. g6 Qd7 21. Qxd7 Bxd7 22. Nc7 Bxf5 23. Nxa8 Rxa8 24. gxh7+ Kxh7 25. Bg2 Rb8 26. Re1 b5 27. Re5 Kg6 28. Rc5 Bd7 29. Be4+ Kf7 30. Rc7 Ke8 31. Rb7 Rc8 32. Kd2 Bc6 33. Bxc6+ Rxc6 34. Rxg7 1-0

[Event "Hull CC-chA"]
[Site "Gatineau CAN"]
[Date "2009.04.28"]
[Round "3"]
[White "Danilov, Alex"]
[Black "Brousseau, Yvan"]
[Result "1/2-1/2"]
[WhiteElo "1955"]
[BlackElo "2042"]
[PlyCount "79"]
[GameId "2160767910157235"]
[EventDate "2009.04.14"]
[EventType "tourn"]
[EventRounds "6"]
[EventCountry "CAN"]
[SourceTitle "EXT 2011"]
[Source "ChessBase"]
[SourceDate "2011.11.26"]
[SourceVersion "1"]
[SourceVersionDate "2011.11.26"]
[SourceQuality "1"]

1. c4 c6 2. b3 d5 3. Bb2 Bf5 4. Nf3 Nf6 5. e3 e6 6. Be2 Be7 7. Nd4 Bg6 8. O-O e5 9. Nf3 e4 10. Ne5 Nbd7 11. f4 exf3 12. Bxf3 Nxe5 13. Bxe5 Bd3 14. Be2 dxc4 15. bxc4 O-O 16. Nc3 Qd7 17. Rf4 Rad8 18. Rd4 Bxe2 19. Rxd7 Bxd1 20. Rxe7 Bg4 21. Bxf6 gxf6 22. Rxb7 Be6 23. Rxa7 Rxd2 24. Ne4 Rc2 25. Nxf6+ Kh8 26. a4 Rd8 27. Nh5 Bxc4 28. Rb1 h6 29. Rab7 Ra2 30. Rb8 Rxb8 31. Rxb8+ Kh7 32. Rb4 Be2 33. g4 Bd1 34. Rb7 Kg6 35. h3 Bxa4 36. Rd7 Rc2 37. h4 Bb3 38. Rd8 Kh7 39. Nf6+ Kg6 40. Nh5 1/2-1/2

[Event "Hull CC-chA"]
[Site "Gatineau CAN"]
[Date "2009.05.05"]
[Round "4"]
[White "Brousseau, Yvan"]
[Black "Gagnon, Fabien"]
[Result "1/2-1/2"]
[WhiteElo "2042"]
[BlackElo "1968"]
[PlyCount "96"]
[GameId "2160767910157236"]
[EventDate "2009.04.14"]
[EventType "tourn"]
[EventRounds "6"]
[EventCountry "CAN"]
[SourceTitle "EXT 2011"]
[Source "ChessBase"]
[SourceDate "2011.11.26"]
[SourceVersion "1"]
[SourceVersionDate "2011.11.26"]
[SourceQuality "1"]

1. f4 g6 2. e4 c5 3. Nf3 Bg7 4. Bc4 Nc6 5. O-O e6 6. c3 Nge7 7. Na3 d5 8. exd5 exd5 9. Bb5 O-O 10. Nc2 d4 11. cxd4 cxd4 12. d3 Be6 13. Bd2 Qb6 14. Bxc6 Nxc6 15. b3 Bf5 16. Nfe1 h5 17. h3 h4 18. Qf3 Rfe8 19. b4 a6 20. Rb1 Qc7 21. a3 b5 22. Na1 Be6 23. Rc1 Rac8 24. Qf2 Qd8 25. Nf3 Bf6 26. Nc2 Bf5 27. Nce1 Re6 28. Nh2 Qe7 29. Qf3 Qe8 30. Ng4 Bg7 31. Nc2 Qd7 32. Na1 Ne7 33. Nb3 Rxc1 34. Rxc1 Qd5 35. Qxd5 Nxd5 36. Nf2 Nc3 37. Nxd4 Bxd4 38. Bxc3 Be3 39. Rd1 Rc6 40. Bd2 Bxf2+ 41. Kxf2 Bxd3 42. Kf3 f5 43. Rc1 Be4+ 44. Kf2 Rd6 45. Be1 Kf7 46. Rc3 Ke6 47. g3 hxg3+ 48. Rxg3 Kf7 1/2-1/2

[Event "Hull CC-chA"]
[Site "Gatineau CAN"]
[Date "2009.05.05"]
[Round "4"]
[White "Cossette, Daniel"]
[Black "Danilov, Alex"]
[Result "1-0"]
[WhiteElo "2007"]
[BlackElo "1955"]
[PlyCount "47"]
[GameId "2160767910157237"]
[EventDate "2009.04.14"]
[EventType "tourn"]
[EventRounds "6"]
[EventCountry "CAN"]
[SourceTitle "EXT 2011"]
[Source "ChessBase"]
[SourceDate "2011.11.26"]
[SourceVersion "1"]
[SourceVersionDate "2011.11.26"]
[SourceQuality "1"]

1. e4 c5 2. Nf3 Nc6 3. d4 cxd4 4. Nxd4 g6 5. c4 Bg7 6. Be3 Nf6 7. Nc3 Ng4 8. Qxg4 Nxd4 9. Qd1 Ne6 10. Qd2 Qa5 11. Be2 b6 12. O-O Bb7 13. f3 d6 14. Rfc1 f5 15. exf5 gxf5 16. Rab1 f4 17. Bf2 Rg8 18. c5 bxc5 19. Bb5+ Kf8 20. Bc4 d5 21. Re1 dxc4 22. Rxe6 Bf6 23. Qxf4 Rd8 24. Rbe1 1-0

[Event "Hull CC-chA"]
[Site "Gatineau CAN"]
[Date "2009.05.12"]
[Round "5"]
[White "Cossette, Daniel"]
[Black "Brousseau, Yvan"]
[Result "0-1"]
[WhiteElo "2007"]
[BlackElo "2042"]
[PlyCount "58"]
[GameId "2160767910157238"]
[EventDate "2009.04.14"]
[EventType "tourn"]
[EventRounds "6"]
[EventCountry "CAN"]
[SourceTitle "EXT 2011"]
[Source "ChessBase"]
[SourceDate "2011.11.26"]
[SourceVersion "1"]
[SourceVersionDate "2011.11.26"]
[SourceQuality "1"]

1. e4 Nc6 2. Nf3 g6 3. d4 Bg7 4. d5 Ne5 5. Nd4 c5 6. Nb3 d6 7. f4 Nd7 8. Nc3 a6 9. a4 b6 10. Be2 Bb7 11. O-O Qc7 12. Be3 Nh6 13. a5 b5 14. e5 Nf5 15. exd6 exd6 16. Bf2 O-O 17. Bf3 Rae8 18. Qd2 Nf6 19. g4 Ne7 20. g5 Nd7 21. Rae1 f6 22. Bg4 fxg5 23. Be6+ Kh8 24. Ne4 gxf4 25. Nbxc5 Nxc5 26. Bxc5 dxc5 27. c3 Nxd5 28. Bxd5 Rd8 29. Nxc5 Rxd5 0-1

[Event "Hull CC-chA"]
[Site "Gatineau CAN"]
[Date "2009.05.13"]
[Round "5"]
[White "Danilov, Alex"]
[Black "Gagnon, Fabien"]
[Result "0-1"]
[WhiteElo "1955"]
[BlackElo "1968"]
[PlyCount "48"]
[GameId "2160767910157239"]
[EventDate "2009.04.14"]
[EventType "tourn"]
[EventRounds "6"]
[EventCountry "CAN"]
[SourceTitle "EXT 2011"]
[Source "ChessBase"]
[SourceDate "2011.11.26"]
[SourceVersion "1"]
[SourceVersionDate "2011.11.26"]
[SourceQuality "1"]

1. e4 c5 2. Nf3 e6 3. d4 cxd4 4. Nxd4 a6 5. Be3 Nf6 6. Nc3 Qc7 7. a3 b5 8. Bd3 Bb7 9. O-O b4 10. axb4 Bxb4 11. Nde2 O-O 12. f3 Nc6 13. Na4 d5 14. exd5 Nxd5 15. Bf2 Ne5 16. Bg3 Ne3 17. Qb1 Nxf1 18. Kxf1 Bd6 19. Bxe5 Bxe5 20. c4 g6 21. Be4 Rfd8 22. f4 Bg7 23. c5 Rd2 24. c6 Bxc6 0-1

[Event "Hull CC-chB"]
[Site "Gatineau CAN"]
[Date "2009.04.14"]
[Round "1"]
[White "Arsenault, Michel"]
[Black "Menard, Marc"]
[Result "1-0"]
[WhiteElo "1949"]
[BlackElo "1476"]
[PlyCount "61"]
[GameId "2160767910157240"]
[EventDate "2009.04.14"]
[EventType "swiss"]
[EventRounds "5"]
[EventCountry "CAN"]
[SourceTitle "EXT 2011"]
[Source "ChessBase"]
[SourceDate "2011.11.26"]
[SourceVersion "1"]
[SourceVersionDate "2011.11.26"]
[SourceQuality "1"]

1. c4 e5 2. g3 Nf6 3. Bg2 c6 4. d4 exd4 5. Qxd4 d5 6. cxd5 cxd5 7. Nf3 Nc6 8. Qa4 Bd6 9. O-O O-O 10. Nc3 Be6 11. Rd1 a6 12. Bg5 b5 13. Qh4 h6 14. Bxf6 Qxf6 15. Qxf6 gxf6 16. Nxd5 Bxd5 17. Rxd5 Rad8 18. Rad1 Be5 19. Nxe5 Rxd5 20. Bxd5 Nxe5 21. Bb7 a5 22. f4 Nc4 23. b3 Na3 24. e4 Re8 25. Rd7 Kf8 26. Bd5 Re7 27. Rd6 f5 28. exf5 Re2 29. Kf1 Rxh2 30. f6 Ke8 31. Bc6+ 1-0

[Event "Hull CC-chB"]
[Site "Gatineau CAN"]
[Date "2009.04.14"]
[Round "1"]
[White "Beland, Guy"]
[Black "Scantland, Patrick"]
[Result "1-0"]
[WhiteElo "1291"]
[BlackElo "1699"]
[PlyCount "45"]
[GameId "2160767910157241"]
[EventDate "2009.04.14"]
[EventType "swiss"]
[EventRounds "5"]
[EventCountry "CAN"]
[SourceTitle "EXT 2011"]
[Source "ChessBase"]
[SourceDate "2011.11.26"]
[SourceVersion "1"]
[SourceVersionDate "2011.11.26"]
[SourceQuality "1"]

1. e4 e5 2. Nf3 Nc6 3. Bc4 Bc5 4. b4 Bxb4 5. c3 Ba5 6. O-O Nf6 7. d4 d6 8. dxe5 dxe5 9. Ba3 Bg4 10. Qb3 Bh5 11. Qxb7 Ne7 12. Qb5+ c6 13. Qxe5 Bc7 14. Qg5 Bxf3 15. Qxg7 Bxh2+ 16. Kxh2 Qc7+ 17. g3 Ng4+ 18. Kg1 O-O-O 19. Ba6+ Kb8 20. Nd2 Qa5 21. Rab1+ Kc7 22. Rb7+ Kc8 23. Rxa7+ 1-0